Statistics for Missy Elliott Charting Songs (Billboard Hot 100)

Click here to take the quiz!

General Stats

  • This quiz has been taken 12 times
  • The average score is 12 of 33

Answer Stats

AlbumWeeks OnPeakArtist(s)Song% Correct
Miss E... So Addictive25 Weeks#7Missy "Misdemeanor" ElliottGet Ur Freak On
100%
Goodies39 Weeks#2Ciara ft. Missy Elliott1, 2 Step
90%
Under Construction26 Weeks#2Missy "Misdemeanor" ElliottWork It
80%
The Cookbook28 Weeks#3Missy Elliott ft. Ciara & Fat Man ScoopLose Control
70%
Miss E... So Addictive21 Weeks#15Missy "Misdemeanor" ElliottOne Minute Man
70%
Non-Album Single14 Weeks#22Missy Elliott ft. Pharrell WilliamsWTF (Where They From)
70%
This Is Not a Test!15 Weeks#27Missy ElliottPass That Dutch
60%
The Cookbook5 Weeks#48Missy ElliottWe Run This
50%
Shark Tale5 Weeks#63Christina Aguilera ft. Missy ElliottCar Wash
40%
Under Construction20 Weeks#8Missy "Misdemeanor" Elliott ft. LudacrisGossip Folks
40%
Non-Album Single1 Week#71Missy Elliott ft. LambI'm Better
40%
Just Like You23 Weeks#7Keyshia Cole ft. Missy Elliott & Lil' KimLet It Go
40%
Cole World: The Sideline Story19 Weeks#61J. Cole ft. Missy ElliottNobody's Perfect
40%
All for You12 Weeks#28Janet ft. Missy Elliott, P. Diddy & Carly SimonSon of a Gun
40%
Da Real World14 Weeks#64Missy "Misdemeanor" Elliott ft. Big Boi & NicoleAll N My Grill
30%
Step Up 2: The Streets9 Weeks#60Missy ElliottChing-a-Ling
30%
Da Real World21 Weeks#5Missy "Misdemeanor" Elliott ft. NAS, EVE & Q-TipHot Boyz
30%
This Is Not a Test!10 Weeks#59Missy ElliottI'm Really Hot
30%
The Preacher's Son9 Weeks#65Wyclef Jean ft. Missy ElliottParty to Damascus
30%
Da Real World6 Weeks#90Missy "Misdemeanor" ElliottShe's a Bitch
30%
Tim's Bio: Life From da Basement4 Weeks#92Timbaland ft. Missy "Misdemeanor" Elliott & MagooHere We Come
20%
L.A. Confidential presents: Knoc-turn'al3 Weeks#98Knoc-Turn'al with Dr. Dre & Missy "Misdemeanor" ElliottKnoc
20%
Make It Hot23 Weeks#5Nicole ft. Missy "Misdemeanor" Elliott & MochaMake It Hot
20%
Under Construction5 Weeks#77Missy ElliottPussycat
20%
Step Up 2: The Streets1 Week#95Missy ElliottShake Your Pom Pom
20%
Supa Dupa Fly20 Weeks#12Missy "Misdemeanor" Elliott ft. Da BratSock It 2 Me
20%
Faithfully15 Weeks#60Faith Evans ft. Missy "Misdemeanor" ElliottBurnin' Up
10%
Under Construction, Part II2 Weeks#95Timbaland & Magoo ft. Missy ElliottCop That Shit
10%
The Understanding13 Weeks#68Memphis Bleek ft. Jay-Z & Missy ElliottIs That Your Chick
10%
Miss E... So Addictive20 Weeks#45Missy "Misdemeanor" Elliott ft. Genuwine & TweetTake Away
10%
The Life I Live7 Weeks#86Torrey Carter ft. Missy "Misdemeanor" ElliottTake That
10%
Kima, Keisha, and Pam20 Weeks#7Total ft. Missy ElliottTrippin'
10%
Side Effects of You2 Weeks#74Fantasia ft. Kelly Rowland & Missy ElliottWithout Me
10%

Score Distribution

Percentile by Number Answered

Percent of People with Each Score

Your Score History

You have not taken this quiz